000 00470nam a2200157 i 4500
001 93123
003 ES-MaACL
005 20230906181129.0
007 t|
008 050407s1945 sp ||||1| spa d
100 1 _aLojendio, Luis María de.
_973151
245 1 0 _aSavonarola
_b: (estudio biográfico) /
_cpor Luis María de Lojendio.
260 _aMadrid :
_bEspasa-Calpe,
_c1945.
300 _a369 p., 3 lám. :
_bil. ;
_c23 cm.
852 _aES-MaACL
_jF-16250
_bR.21313
999 _c93123
_d93123